000 00890cam a2200241 4500
001 WB3828-06
008 020731n2002 000 0 eng u
035 _a(Sirsi) u119135
245 _aSEPA to implement landfill directive
260 _c2002
490 _aScottish Executive Press Release
_v(SEnw061/2002) 26 July 2002 (1)
520 _aThe Scottish Environment Protection Agency (SEPA) has new duties and powers to request information from landfill operators, classify sites and to ban the landfilling of certain hazardous wastes. Scottish Executive Press Release http://www.scotland.gov.uk/pages/news/2002/07/SEnw061.aspx
590 _aWB
650 _aSEPA
650 _aLANDFILLS
650 _aHAZARDOUS WASTE
650 _aLANDFILL DIRECTIVE
650 _aOPERATORS
650 _aSCOTLAND
650 _aSITES
690 _aENVIRONMENT-AUDIT/ASSESSMENT
942 _n0
999 _c70865
_d70865